| 000 | 00807nam a22002417a 4500 | ||
|---|---|---|---|
| 003 | 0 | ||
| 005 | 20250901154007.0 | ||
| 008 | 250901b xxu||||| |||| 00| 0 eng d | ||
| 020 | _a978-1-5296-2151-8 | ||
| 050 |
_aH 62.5.C8 _b.M64 2024 |
||
| 100 |
_aMogaji, Emmanuel, _eauthor. |
||
| 245 |
_aQualitative research for a digital world / _cEmmanuel Mogaji, Varsha Jain, and Himani Sharma |
||
| 260 |
_aLondon : _bSage, _c2024. |
||
| 300 |
_ax, 305 pages : _billustrations ; _c25 cm. |
||
| 504 | _aIncludes bibliographical references and index. | ||
| 650 | _aQualitative research. | ||
| 650 |
_aSocial sciences _xResearch _xMethodology. |
||
| 650 | _aInternet research. | ||
| 650 |
_aDigital media _xResearch. |
||
| 700 |
_aJain, Varsha, _eauthor. |
||
| 700 |
_aSharma, Himani, _eauthor. |
||
| 942 |
_2lcc _cBK |
||
| 999 |
_c367733 _d367733 |
||